[Event "IECG CP.2009.P.00005 email"]
[Site "IECG email"]
[Date "2009.10.01"]
[Round "?"]
[White "Cuniali, Eugenio"]
[Black "Eilering, David"]
[Result "1-0"]
[WhiteElo "1966"]
[BlackElo "1164"]
[PlyCount "41"]
[EventDate "2009.10.01"]
[EventType "tourn (corr)"]
[EventRounds "6"]
[EventCountry "ARG"]
[SourceTitle "Corr 2024"]
[Source "ChessBase"]
[SourceDate "2023.10.19"]
[SourceVersion "1"]
[SourceVersionDate "2023.10.19"]
[SourceQuality "1"]

1. d4 d5 2. c4 e6 3. Nf3 Nf6 4. Nc3 c6 5. e3 Nbd7 6. Qc2 Bd6 7. g4 Nxg4 8. Rg1 Nxh2 9. Nxh2 Bxh2 10. Rxg7 Qf6 11. Rxh7 Rxh7 12. Qxh7 Bd6 13. Bd2 Nf8 14. Qd3 Ng6 15. c5 Bc7 16. e4 e5 17. exd5 Nf4 18. Qh7 cxd5 19. Qg8+ Kd7 20. Bxf4 exf4 21. Bh3+ 1-0

[Event "IECG CP.2009.P.00005 email"]
[Site "IECG email"]
[Date "2009.10.01"]
[Round "?"]
[White "Hlavacek, Ladislav"]
[Black "Cuniali, Eugenio"]
[Result "0-1"]
[WhiteElo "1803"]
[BlackElo "1966"]
[PlyCount "64"]
[EventDate "2009.10.01"]
[EventType "tourn (corr)"]
[EventRounds "6"]
[EventCountry "ARG"]
[SourceTitle "Corr 2024"]
[Source "ChessBase"]
[SourceDate "2023.10.19"]
[SourceVersion "1"]
[SourceVersionDate "2023.10.19"]
[SourceQuality "1"]

1. c4 g6 2. d4 Bg7 3. Nc3 c5 4. d5 Bxc3+ 5. bxc3 f5 6. Nf3 Nf6 7. Bh6 Qa5 8. Qb3 Ne4 9. Rc1 d6 10. e3 Nd7 11. Bd3 Ndf6 12. 0-0 Rg8 13. h4 Ng4 14. Bf4 h6 15. Bxe4 fxe4 16. Nd2 g5 17. Bg3 gxh4 18. Bxh4 Qa6 19. Nxe4 Bf5 20. Ng3 Bd3 21. Rfd1 Ne5 22. Rxd3 Nxd3 23. Rb1 Ne5 24. Qxb7 Qxb7 25. Rxb7 Ng6 26. Nf5 Rf8 27. Ng7+ Kf7 28. Nf5 Nxh4 29. Nxh4 Rab8 30. Rxa7 Ra8 31. Rc7 Rfc8 32. Nf5 Rxc7 0-1

[Event "IECG CP.2009.P.00005 email"]
[Site "IECG email"]
[Date "2009.10.01"]
[Round "?"]
[White "Manaschev, Erlan"]
[Black "Cuniali, Eugenio"]
[Result "0-1"]
[WhiteElo "576"]
[BlackElo "1966"]
[PlyCount "56"]
[EventDate "2009.10.01"]
[EventType "tourn (corr)"]
[EventRounds "6"]
[EventCountry "ARG"]
[SourceTitle "Corr 2024"]
[Source "ChessBase"]
[SourceDate "2023.10.19"]
[SourceVersion "1"]
[SourceVersionDate "2023.10.19"]
[SourceQuality "1"]

1. e4 c5 2. Nf3 d6 3. Bc4 Nf6 4. 0-0 Nxe4 5. Qe2 Nf6 6. Ng5 d5 7. Bb5+ Nbd7 8. Re1 a6 9. Bd3 Nb6 10. c3 Bg4 11. f3 Bd7 12. Bc2 h6 13. Nh3 Bxh3 14. gxh3 e6 15. d4 cxd4 16. cxd4 Rc8 17. Bb3 Nc4 18. Bxc4 Rxc4 19. Be3 Qa5 20. b3 Rc6 21. Nd2 Ba3 22. Kf2 Qc7 23. Rh1 Nh5 24. Rhg1 Qxh2+ 25. Ke1 Qxh3 26. Nb1 Qh4+ 27. Kd1 Nf4 28. Qd2 Rc1+ 0-1

[Event "IECC CL3-2008.08 email"]
[Site "IECC email"]
[Date "2008.08.08"]
[Round "?"]
[White "Cuniali, Eugenio"]
[Black "Wajnberg, Piotr"]
[Result "1-0"]
[WhiteElo "1966"]
[BlackElo "1740"]
[PlyCount "33"]
[EventDate "2008.??.??"]
[EventType "tourn (corr)"]
[EventRounds "4"]
[SourceTitle "Corr 2013"]
[Source "ChessBase"]
[SourceDate "2012.11.12"]
[SourceVersion "1"]
[SourceVersionDate "2012.11.12"]
[SourceQuality "1"]
[WhiteTeam "Germany"]
[BlackTeam "Netherlands"]
[WhiteTeamCountry "GER"]
[BlackTeamCountry "NED"]

1. d4 d5 2. c4 dxc4 3. e3 Nf6 4. Bxc4 e6 5. Nf3 a6 6. 0-0 c5 7. Bb3 Nc6 8. Nc3 cxd4 9. exd4 Be7 10. Bg5 0-0 11. Qd2 h6 12. Bxf6 Bxf6 13. Rad1 b5 14. Ne4 Bb7 15. Rfe1 Be7 16. d5 exd5 17. Bxd5 1-0

[Event "IECC CL3-2008.08 email"]
[Site "IECC email"]
[Date "2008.08.08"]
[Round "?"]
[White "Schilling, Hans"]
[Black "Cuniali, Eugenio"]
[Result "1/2-1/2"]
[WhiteElo "1966"]
[BlackElo "1972"]
[PlyCount "49"]
[EventDate "2008.??.??"]
[EventType "tourn (corr)"]
[EventRounds "4"]
[SourceTitle "Corr 2013"]
[Source "ChessBase"]
[SourceDate "2012.11.12"]
[SourceVersion "1"]
[SourceVersionDate "2012.11.12"]
[SourceQuality "1"]
[WhiteTeam "Germany"]
[BlackTeam "Netherlands"]
[WhiteTeamCountry "GER"]
[BlackTeamCountry "NED"]

1. Nf3 c5 2. g3 Nc6 3. Bg2 d5 4. d4 Nf6 5. 0-0 e6 6. c4 dxc4 7. Qa4 Bd7 8. Qxc4 b5 9. Qd3 c4 10. Qc2 Nb4 11. Qd1 Bc6 12. a3 Nbd5 13. Ne5 Bb7 14. e4 Nc7 15. Nc3 a6 16. Bg5 Be7 17. Qd2 0-0 18. Rad1 Nfe8 19. Bxe7 Qxe7 20. Rfe1 f6 21. Ng4 Rd8 22. f4 h5 23. Ne3 h4 24. g4 g6 25. Qf2 1/2-1/2

[Event "IECG WC.2003.F.00005 email"]
[Site "IECG email"]
[Date "2003.12.20"]
[Round "?"]
[White "Markus, Roland"]
[Black "Cuniali, Eugenio"]
[Result "1-0"]
[WhiteElo "2110"]
[BlackElo "2038"]
[PlyCount "39"]
[EventDate "2003.12.20"]
[EventType "tourn (corr)"]
[EventRounds "14"]
[SourceTitle "Corr 2008"]
[Source "ChessBase"]
[SourceDate "2008.06.24"]
[SourceVersion "1"]
[SourceVersionDate "2008.06.24"]
[SourceQuality "1"]

1. d4 Nf6 2. f3 g6 3. e4 d6 4. Nc3 Bg7 5. Be3 0-0 6. Qd2 e5 7. d5 c5 8. 0-0-0 a6 9. h4 b5 10. Nce2 h5 11. g4 hxg4 12. h5 gxf3 13. Ng3 f2 14. Bxf2 Ng4 15. hxg6 fxg6 16. Be3 Nxe3 17. Qxe3 Nd7 18. Be2 Nf6 19. Qg5 Nh7 20. Qxg6 1-0

[Event "IECG CP.2002.Q.00007 email"]
[Site "IECG email"]
[Date "2003.10.01"]
[Round "?"]
[White "Bopp, Thomas"]
[Black "Cuniali, Eugenio"]
[Result "1/2-1/2"]
[WhiteElo "2151"]
[BlackElo "2083"]
[PlyCount "74"]
[EventDate "2003.10.01"]
[EventType "tourn (corr)"]
[EventRounds "10"]
[SourceTitle "Corr 2008"]
[Source "ChessBase"]
[SourceDate "2008.06.24"]
[SourceVersion "1"]
[SourceVersionDate "2008.06.24"]
[SourceQuality "1"]

1. e4 c5 2. Nf3 d6 3. d4 cxd4 4. Nxd4 Nf6 5. Nc3 a6 6. Bg5 e6 7. f4 Be7 8. Qf3 Qc7 9. Be2 Nbd7 10. Rd1 b5 11. a3 Bb7 12. 0-0 Qb6 13. Kh1 Rc8 14. Qh3 Bxe4 15. Nxe4 Nxe4 16. Bxe7 Kxe7 17. Bf3 Nef6 18. g4 h6 19. Rfe1 Rh7 20. Qg2 g6 21. f5 Ne5 22. fxe6 fxe6 23. Nxe6 Kxe6 24. g5 Rhc7 25. gxf6 Kxf6 26. Be4 Rf8 27. Rg1 Ke7 28. Rgf1 Qe3 29. Rde1 Qg5 30. Qe2 Rcc8 31. Qd1 Rxf1+ 32. Rxf1 Rc5 33. Qd4 Qg4 34. c3 Qe6 35. Bg2 Nf7 36. Qh4+ Ke8 37. Rf6 Qc4 1/2-1/2

[Event "IECG CP.2003.P.00041 email"]
[Site "IECG email"]
[Date "2003.10.01"]
[Round "?"]
[White "Cuniali, Eugenio"]
[Black "Suwara, Kazimierz"]
[Result "0-1"]
[WhiteElo "2038"]
[BlackElo "1600"]
[PlyCount "36"]
[EventDate "2003.10.01"]
[EventType "tourn (corr)"]
[EventRounds "6"]
[EventCountry "USA"]
[SourceTitle "Corr 2008"]
[Source "ChessBase"]
[SourceDate "2008.06.24"]
[SourceVersion "1"]
[SourceVersionDate "2008.06.24"]
[SourceQuality "1"]

1. d4 Nf6 2. c4 e5 3. dxe5 Ng4 4. e4 Nxe5 5. f4 Nec6 6. a3 a5 7. Be3 Na6 8. Bd3 Bc5 9. Qe2 d6 10. Nc3 0-0 11. Nf3 Re8 12. 0-0 f6 13. Rae1 Bg4 14. Qf2 Bxe3 15. Qxe3 Nc5 16. Nd4 Nxd4 17. Qxd4 Nxd3 18. Qxd3 c6 0-1

[Event "IECG CP.2003.P.00041 email"]
[Site "IECG email"]
[Date "2003.10.01"]
[Round "?"]
[White "Evans, Gordon R"]
[Black "Cuniali, Eugenio"]
[Result "1-0"]
[WhiteElo "2263"]
[BlackElo "2038"]
[PlyCount "65"]
[EventDate "2003.10.01"]
[EventType "tourn (corr)"]
[EventRounds "6"]
[EventCountry "USA"]
[SourceTitle "Corr 2008"]
[Source "ChessBase"]
[SourceDate "2008.06.24"]
[SourceVersion "1"]
[SourceVersionDate "2008.06.24"]
[SourceQuality "1"]

1. e4 c5 2. Nf3 d6 3. d4 cxd4 4. Nxd4 Nf6 5. Nc3 a6 6. Bc4 e6 7. Bb3 b5 8. 0-0 Be7 9. Qf3 Qc7 10. Qg3 b4 11. Nce2 g6 12. Bh6 Nxe4 13. Qe3 Bb7 14. c3 bxc3 15. Rac1 Nd7 16. Nxc3 Nec5 17. Bd1 Qb6 18. Na4 Qa7 19. Nxc5 dxc5 20. Ba4 Qb6 21. Rfd1 Bd5 22. Nb3 Bc6 23. Bxc6 Qxc6 24. Na5 Qc7 25. Nc4 Rg8 26. Bf4 Qb7 27. Nd6+ Bxd6 28. Rxd6 Nf6 29. Rcd1 g5 30. Be5 Ng4 31. Qxc5 Rc8 32. Qd4 Nxe5 33. Qxe5 1-0

[Event "Liape ch-1 zone-B gr-10 email"]
[Site "Liape email"]
[Date "2003.01.06"]
[Round "7"]
[White "Montoya, Jorge Luis"]
[Black "Cuniali, Eugenio"]
[Result "1-0"]
[WhiteElo "1600"]
[BlackElo "2018"]
[PlyCount "61"]
[EventDate "2003.??.??"]
[EventType "tourn (corr)"]
[EventRounds "6"]
[EventCountry "ARG"]
[SourceTitle "Corr 2006"]
[Source "ChessBase"]
[SourceDate "2006.04.01"]
[SourceVersion "3"]
[SourceVersionDate "2006.04.01"]
[SourceQuality "1"]

1. d4 Nf6 2. c4 g6 3. Nc3 Bg7 4. e4 d6 5. Be2 Na6 6. Nf3 0-0 7. 0-0 e5 8. Be3 exd4 9. Nxd4 c6 10. f3 Re8 11. Qd2 Nc7 12. Rad1 Qe7 13. Rfe1 Rd8 14. Bf1 Ne6 15. Nc2 Ne8 16. b4 Rd7 17. b5 N8c7 18. a4 a5 19. Bb6 Nc5 20. Nd4 N7e6 21. Nde2 Qf6 22. Qe3 h6 23. g3 g5 24. Bh3 h5 25. f4 g4 26. Bg2 Qh6 27. bxc6 bxc6 28. e5 Rb8 29. Bxc5 dxc5 30. Bxc6 Rxd1 31. Rxd1 1-0

[Event "Liape ch-1 zone-B gr-10 email"]
[Site "Liape email"]
[Date "2003.01.05"]
[Round "6"]
[White "Cuniali, Eugenio"]
[Black "Molero, Federico"]
[Result "1/2-1/2"]
[WhiteElo "2018"]
[BlackElo "1600"]
[PlyCount "76"]
[EventDate "2003.??.??"]
[EventType "tourn (corr)"]
[EventRounds "6"]
[EventCountry "ARG"]
[SourceTitle "Corr 2006"]
[Source "ChessBase"]
[SourceDate "2006.04.01"]
[SourceVersion "3"]
[SourceVersionDate "2006.04.01"]
[SourceQuality "1"]

1. d4 d5 2. c4 e6 3. Nc3 Nf6 4. Bg5 Be7 5. e3 c6 6. Nf3 Nbd7 7. Bd3 0-0 8. 0-0 Re8 9. Qc2 Nf8 10. Rad1 a6 11. c5 g6 12. Rfe1 N8d7 13. h3 Kg7 14. Bf4 Nh5 15. Bh2 f5 16. b4 b5 17. cxb6 Nxb6 18. Rb1 Bb7 19. Rec1 Nf6 20. Ne2 Ne4 21. Ne5 Rc8 22. a3 Bd6 23. Nc3 Qc7 24. Na4 Nxa4 25. Qxa4 Qb6 26. Rc2 Re7 27. Rbc1 Rec7 28. Nf3 Bxh2+ 29. Kxh2 Nd6 30. Rc5 Nb5 31. Qb3 Re7 32. Ne5 Nd6 33. Qc2 Rec7 34. Qc3 Nf7 35. Nf3 Re7 36. Kg1 Rce8 37. Ne5 Nxe5 38. dxe5 Rc8 1/2-1/2

[Event "Liape ch-1 zone-B gr-10 email"]
[Site "Liape email"]
[Date "2003.01.01"]
[Round "2"]
[White "Camargo, Peter Jackson Mille"]
[Black "Cuniali, Eugenio"]
[Result "1/2-1/2"]
[WhiteElo "1800"]
[BlackElo "2018"]
[PlyCount "75"]
[EventDate "2003.??.??"]
[EventType "tourn (corr)"]
[EventRounds "6"]
[EventCountry "ARG"]
[SourceTitle "Corr 2006"]
[Source "ChessBase"]
[SourceDate "2006.04.01"]
[SourceVersion "3"]
[SourceVersionDate "2006.04.01"]
[SourceQuality "1"]

1. d4 Nf6 2. c4 g6 3. Nc3 Bg7 4. e4 d6 5. Nf3 0-0 6. Be2 e5 7. 0-0 Nc6 8. d5 Ne7 9. b4 a5 10. Ba3 Nd7 11. b5 b6 12. Bc1 f5 13. Ng5 Nc5 14. Be3 Rf6 15. Bf3 Ra7 16. exf5 gxf5 17. Bh5 h6 18. Nf3 Nd7 19. Bc1 Rf8 20. Bb2 Nf6 21. Nd2 Nxh5 22. Qxh5 f4 23. Qe2 Nf5 24. Nce4 Qe8 25. Kh1 a4 26. g4 Nh4 27. f3 h5 28. Qf2 Qe7 29. Rg1 hxg4 30. fxg4 Kf7 31. Raf1 Ke8 32. Bc3 Rh8 33. Bb4 Bf8 34. Qe2 Kd8 35. Bc3 Bg7 36. Bb4 Bd7 37. Rc1 Ra8 38. Rc3 1/2-1/2

[Event "IECC KO email"]
[Site "IECC email"]
[Date "2002.10.14"]
[Round "?"]
[White "Cuniali, Eugenio"]
[Black "Pascual, Orlando B"]
[Result "1-0"]
[WhiteElo "1957"]
[BlackElo "1651"]
[PlyCount "79"]
[EventDate "2002.??.??"]
[EventType "tourn (corr)"]
[EventRounds "6"]
[SourceTitle "Corr 2008"]
[Source "ChessBase"]
[SourceDate "2008.06.24"]
[SourceVersion "1"]
[SourceVersionDate "2008.06.24"]
[SourceQuality "1"]

1. d4 Nf6 2. c4 g6 3. Nc3 d5 4. cxd5 Nxd5 5. e4 Nxc3 6. bxc3 Bg7 7. Bb5+ c6 8. Ba4 0-0 9. Ne2 Nd7 10. 0-0 e5 11. Be3 Qe7 12. Qc2 Rd8 13. Bb3 Nb6 14. dxe5 Bxe5 15. Rad1 Be6 16. f4 Bg7 17. Bxe6 Qxe6 18. e5 Qc4 19. Bf2 f6 20. exf6 Bxf6 21. Qb3 Re8 22. Rd2 Re6 23. Bxb6 Qxb3 24. axb3 axb6 25. Rf3 Ra3 26. c4 Kf7 27. g4 Ra1+ 28. Kg2 Re1 29. Ng3 Ke8 30. Rfd3 c5 31. f5 R6e3 32. Rd6 Bd4 33. Rxb6 g5 34. Rxb7 h5 35. Ra2 Kf8 36. gxh5 Re7 37. Rxe7 Rxe7 38. h6 Kg8 39. Kf3 Kh7 40. Ra6 1-0

[Event "IECC KO email"]
[Site "IECC email"]
[Date "2002.10.14"]
[Round "?"]
[White "Pascual, Orlando B"]
[Black "Cuniali, Eugenio"]
[Result "0-1"]
[WhiteElo "1647"]
[BlackElo "1961"]
[PlyCount "78"]
[EventDate "2002.??.??"]
[EventType "tourn (corr)"]
[EventRounds "6"]
[SourceTitle "Corr 2008"]
[Source "ChessBase"]
[SourceDate "2008.06.24"]
[SourceVersion "1"]
[SourceVersionDate "2008.06.24"]
[SourceQuality "1"]

1. e4 c5 2. Nf3 Nc6 3. Bb5 e6 4. Bxc6 bxc6 5. 0-0 Ne7 6. Re1 Ng6 7. d3 Be7 8. Nbd2 0-0 9. Nf1 Qc7 10. Ng3 d5 11. c3 a5 12. Rb1 Ba6 13. e5 Rfb8 14. Nh5 a4 15. Nf4 Nf8 16. h4 Nd7 17. g3 c4 18. d4 c5 19. Ng5 cxd4 20. cxd4 Nf8 21. Be3 Rb6 22. Qc2 Qb7 23. Nf3 Bb5 24. h5 h6 25. Kh2 Bc6 26. g4 Rb8 27. Bc1 a3 28. Rg1 axb2 29. Be3 Qa6 30. g5 Ba4 31. Qd2 hxg5 32. Nxg5 c3 33. Qxc3 Rc6 34. Qe1 Bc2 35. h6 Qxa2 36. hxg7 Bxg5 37. gxf8Q+ Kxf8 38. Nxe6+ Rxe6 39. Bxg5 Bxb1 0-1

[Event "IECG CP.2001.Q.00009 email"]
[Site "IECG email"]
[Date "2002.10.01"]
[Round "?"]
[White "Cuniali, Eugenio"]
[Black "Aberbach Peltzman, Angel Sergio"]
[Result "1-0"]
[WhiteElo "2018"]
[BlackElo "2176"]
[PlyCount "25"]
[EventDate "2002.10.01"]
[EventType "tourn (corr)"]
[EventRounds "6"]
[EventCountry "GER"]
[SourceTitle "Corr 2008"]
[Source "ChessBase"]
[SourceDate "2008.06.24"]
[SourceVersion "1"]
[SourceVersionDate "2008.06.24"]
[SourceQuality "1"]

1. d4 d5 2. c4 Nc6 3. Nc3 dxc4 4. Nf3 Nf6 5. e4 Bg4 6. Be3 e6 7. Bxc4 Bb4 8. Qd3 0-0 9. Nd2 Qd7 10. a3 Be7 11. h3 Bh5 12. g4 Bg6 13. f4 1-0

[Event "IECG WC.2005.P.00001 email"]
[Site "IECG email"]
[Date "2002.01.29"]
[Round "?"]
[White "Cuniali, Eugenio"]
[Black "Standish, Miles"]
[Result "1/2-1/2"]
[WhiteElo "2133"]
[BlackElo "1550"]
[PlyCount "71"]
[EventDate "2002.01.29"]
[EventType "tourn (corr)"]
[EventRounds "12"]
[SourceTitle "Corr 2008"]
[Source "ChessBase"]
[SourceDate "2008.06.24"]
[SourceVersion "1"]
[SourceVersionDate "2008.06.24"]
[SourceQuality "1"]

1. d4 Nf6 2. c4 g6 3. Nc3 Bg7 4. e4 d6 5. f3 0-0 6. Bd3 e5 7. Nge2 Nc6 8. d5 Ne7 9. Bg5 Nd7 10. Qd2 Nc5 11. Bc2 f6 12. Bh4 b6 13. b4 Nb7 14. 0-0 Bd7 15. a4 a5 16. b5 Nc5 17. Rae1 Rf7 18. Bf2 f5 19. exf5 Bxf5 20. Ne4 Nxe4 21. fxe4 Bd7 22. Bh4 Qe8 23. Rxf7 Qxf7 24. Rf1 Qe8 25. Bg5 Bg4 26. Nc3 Qd7 27. h3 Bxh3 28. Bd1 Rf8 29. Rxf8+ Bxf8 30. Qe2 h6 31. Be3 h5 32. gxh3 Qxh3 33. Qf3 Qxf3 34. Bxf3 Kf7 35. Bg5 Bg7 36. Kg2 1/2-1/2

[Event "IECG WC.2005.P.00001 email"]
[Site "IECG email"]
[Date "2002.01.29"]
[Round "?"]
[White "Horbach, Frank"]
[Black "Cuniali, Eugenio"]
[Result "1-0"]
[WhiteElo "1858"]
[BlackElo "2133"]
[PlyCount "65"]
[EventDate "2002.01.29"]
[EventType "tourn (corr)"]
[EventRounds "12"]
[SourceTitle "Corr 2008"]
[Source "ChessBase"]
[SourceDate "2008.06.24"]
[SourceVersion "1"]
[SourceVersionDate "2008.06.24"]
[SourceQuality "1"]

1. f4 d5 2. Nf3 Nf6 3. e3 g6 4. d4 Bg7 5. Bd3 0-0 6. 0-0 c5 7. c3 Bf5 8. Bxf5 gxf5 9. dxc5 e6 10. a4 Qc7 11. b4 Nc6 12. Bb2 b6 13. b5 Na5 14. c6 Nc4 15. Qc1 Ne4 16. Nd4 a6 17. Na3 Ncd2 18. Re1 Bxd4 19. cxd4 Nb3 20. Qc2 Nxa1 21. Rxa1 Qd6 22. Rc1 Rfc8 23. Qb3 Qe7 24. Nb1 axb5 25. axb5 Qh4 26. Qc2 Nd6 27. Nc3 Nc4 28. Qe2 Rc7 29. Rb1 Rca7 30. Qf2 Qxf2+ 31. Kxf2 Kf8 32. Ke2 Ra1 33. Rxa1 1-0

[Event "IECG WC.2005.P.00001 email"]
[Site "IECG email"]
[Date "2002.01.29"]
[Round "?"]
[White "Krensing, Jan"]
[Black "Cuniali, Eugenio"]
[Result "1/2-1/2"]
[WhiteElo "2028"]
[BlackElo "2133"]
[PlyCount "56"]
[EventDate "2002.01.29"]
[EventType "tourn (corr)"]
[EventRounds "12"]
[SourceTitle "Corr 2008"]
[Source "ChessBase"]
[SourceDate "2008.06.24"]
[SourceVersion "1"]
[SourceVersionDate "2008.06.24"]
[SourceQuality "1"]

1. e4 c5 2. Nf3 Nc6 3. d4 cxd4 4. Nxd4 e6 5. Nc3 a6 6. Be2 Qc7 7. 0-0 Nf6 8. Be3 Be7 9. f4 d6 10. Kh1 0-0 11. a4 e5 12. Nb3 b6 13. g4 exf4 14. Rxf4 Nb4 15. g5 Nd7 16. Rf2 Ne5 17. Nd4 Re8 18. Nf5 Bf8 19. Qd2 Bb7 20. Kg1 d5 21. Nxd5 Qxc2 22. Qxc2 Nxc2 23. Rc1 Nxe3 24. Nfxe3 Bc5 25. b4 Bd4 26. Rd1 Bxe3 27. Nxe3 Bxe4 28. Nc4 Re6 1/2-1/2

[Event "IECG WC.2005.P.00001 email"]
[Site "IECG email"]
[Date "2002.01.29"]
[Round "?"]
[White "Pinus, Ruben Mario"]
[Black "Cuniali, Eugenio"]
[Result "1/2-1/2"]
[WhiteElo "1980"]
[BlackElo "2133"]
[PlyCount "44"]
[EventDate "2002.01.29"]
[EventType "tourn (corr)"]
[EventRounds "12"]
[SourceTitle "Corr 2008"]
[Source "ChessBase"]
[SourceDate "2008.06.24"]
[SourceVersion "1"]
[SourceVersionDate "2008.06.24"]
[SourceQuality "1"]

1. e4 c5 2. Nf3 Nc6 3. d4 cxd4 4. Nxd4 Nf6 5. Nc3 e6 6. Nxc6 bxc6 7. e5 Nd5 8. Ne4 Qc7 9. f4 Qb6 10. c4 Ne3 11. Qd3 Bb4+ 12. Bd2 a5 13. Bxb4 Qxb4+ 14. Kf2 Nf5 15. Be2 Ba6 16. Rhd1 Qb6+ 17. Kf3 Bxc4 18. Qxd7+ Kf8 19. Qd2 Bd5 20. g4 Rd8 21. Qc3 Nh4+ 22. Kg3 Bxe4 1/2-1/2

[Event "IECC KO email"]
[Site "IECC email"]
[Date "2001.12.14"]
[Round "?"]
[White "Wakeham, Marc R"]
[Black "Cuniali, Eugenio"]
[Result "0-1"]
[WhiteElo "1481"]
[BlackElo "1950"]
[PlyCount "40"]
[EventDate "2001.??.??"]
[EventType "tourn (corr)"]
[EventRounds "6"]
[SourceTitle "Corr 2008"]
[Source "ChessBase"]
[SourceDate "2008.06.24"]
[SourceVersion "1"]
[SourceVersionDate "2008.06.24"]
[SourceQuality "1"]

1. e4 c5 2. c3 e6 3. d4 d5 4. dxc5 Bxc5 5. exd5 exd5 6. Nf3 Nc6 7. Be2 Nf6 8. Bg5 Bxf2+ 9. Kxf2 Ne4+ 10. Kf1 Nxg5 11. Qd2 Ne4 12. Qe3 0-0 13. Nbd2 f5 14. Nb3 f4 15. Qd3 Bf5 16. Qd1 g5 17. Nfd4 Qb6 18. Bf3 Rae8 19. Bxe4 Bxe4 20. Nxc6 f3 0-1

[Event "IECG C1.2001.0.00345"]
[Site "IECG email"]
[Date "2001.11.28"]
[Round "?"]
[White "Cuniali, Eugenio"]
[Black "Prieto, Adolfo Polo"]
[Result "1/2-1/2"]
[WhiteElo "1800"]
[BlackElo "1800"]
[PlyCount "67"]
[EventDate "2001.03.15"]
[EventType "tourn (corr)"]
[EventRounds "6"]
[SourceTitle "Corr 2008"]
[Source "ChessBase"]
[SourceDate "2008.06.24"]
[SourceVersion "1"]
[SourceVersionDate "2008.06.24"]
[SourceQuality "1"]

1. d4 Nf6 2. c4 e6 3. Nf3 d5 4. Nc3 Bb4 5. Bg5 c6 6. Qc2 0-0 7. e3 h6 8. Bh4 Nbd7 9. Bd3 Qa5 10. 0-0 Bxc3 11. bxc3 b6 12. Bxf6 Nxf6 13. Ne5 c5 14. Rfb1 cxd4 15. cxd4 dxc4 16. Bxc4 Bb7 17. Rb5 Qa3 18. Rb3 Qd6 19. Qb2 Rfc8 20. Bd3 Rc7 21. a4 Bd5 22. Rb4 Rac8 23. Ba6 Bb7 24. Bxb7 Rxb7 25. Rc4 Rbc7 26. Rac1 Nd5 27. h3 f6 28. Rxc7 Rxc7 29. Nd3 Kf7 30. Rxc7+ Qxc7 31. Qb5 g6 32. Qa6 Ne7 33. g3 g5 34. Nb4 1/2-1/2

[Event "IECG CP.P.00007 email"]
[Site "IECG email"]
[Date "2001.10.01"]
[Round "?"]
[White "Baier, Guenter"]
[Black "Cuniali, Eugenio"]
[Result "1/2-1/2"]
[WhiteElo "2329"]
[BlackElo "1800"]
[PlyCount "56"]
[EventDate "2001.10.01"]
[EventType "tourn (corr)"]
[EventRounds "6"]
[SourceTitle "Corr 2008"]
[Source "ChessBase"]
[SourceDate "2008.06.24"]
[SourceVersion "1"]
[SourceVersionDate "2008.06.24"]
[SourceQuality "1"]

1. e4 c5 2. Nc3 Nc6 3. f4 e6 4. Nf3 Nge7 5. d4 cxd4 6. Nxd4 Nxd4 7. Qxd4 Nc6 8. Qd2 Bb4 9. a3 Qa5 10. Rb1 Bxc3 11. Qxc3 Qxc3+ 12. bxc3 b6 13. Bb5 Bb7 14. Kf2 Rc8 15. Rd1 Nb8 16. e5 f6 17. exf6 gxf6 18. c4 Rg8 19. g3 Ke7 20. Rd4 Rc7 21. Bd2 Nc6 22. Rd3 e5 23. Rd1 Ke8 24. Be3 Nb8 25. c5 bxc5 26. Rd6 Rf8 27. Bd3 Rf7 28. c3 c4 1/2-1/2

[Event "IECG CP.P.00007 email"]
[Site "IECG email"]
[Date "2001.10.01"]
[Round "?"]
[White "Lopez, Antonio"]
[Black "Cuniali, Eugenio"]
[Result "1/2-1/2"]
[WhiteElo "1285"]
[BlackElo "1800"]
[PlyCount "100"]
[EventDate "2001.10.01"]
[EventType "tourn (corr)"]
[EventRounds "6"]
[SourceTitle "Corr 2008"]
[Source "ChessBase"]
[SourceDate "2008.06.24"]
[SourceVersion "1"]
[SourceVersionDate "2008.06.24"]
[SourceQuality "1"]

1. e4 c5 2. Nf3 d6 3. d4 cxd4 4. Nxd4 Nf6 5. Nc3 a6 6. Bg5 Nbd7 7. Bc4 h6 8. Bxf6 Nxf6 9. Qe2 g6 10. 0-0-0 Qc7 11. h3 Bg7 12. f4 e6 13. g4 0-0 14. Bb3 b5 15. f5 b4 16. Nb1 exf5 17. exf5 g5 18. Rhe1 Bb7 19. Nd2 d5 20. N2f3 Ne4 21. Qe3 Rfe8 22. Ba4 Rec8 23. Kb1 Qd8 24. h4 gxh4 25. Rg1 Qe7 26. Qe1 Rc7 27. Nxh4 Nc5 28. Qxe7 Rxe7 29. Bc6 Bxd4 30. Bxb7 Bxg1 31. Bxa8 Bf2 32. Ng2 Re4 33. Rf1 Rd4 34. a4 b3 35. cxb3 Rd2 36. Bxd5 Nd3 37. Bc4 Rxb2+ 38. Ka1 Bd4 39. Bxd3 Rxb3+ 40. Ka2 Rxd3 41. Rf4 Rd2+ 42. Kb3 Be5 43. Re4 Rb2+ 44. Ka3 Rxg2 45. Rxe5 Rg3+ 46. Kb4 Rxg4+ 47. Ka5 Rc4 48. Re1 h5 49. Ra1 Rc6 50. Rh1 Rh6 1/2-1/2

[Event "IECC CL3-2001.12"]
[Site "IECC email"]
[Date "2001.03.19"]
[Round "?"]
[White "Cuniali, Eugenio"]
[Black "Solare, Juan"]
[Result "0-1"]
[WhiteElo "1846"]
[BlackElo "1946"]
[PlyCount "111"]
[EventDate "2001.??.??"]
[EventType "tourn (corr)"]
[EventRounds "4"]
[SourceTitle "Corr 2008"]
[Source "ChessBase"]
[SourceDate "2008.06.24"]
[SourceVersion "1"]
[SourceVersionDate "2008.06.24"]
[SourceQuality "1"]

1. d4 Nf6 2. c4 e6 3. Nf3 d5 4. Bg5 dxc4 5. Nc3 Bb4 6. a3 Bxc3+ 7. bxc3 b5 8. e4 h6 9. Bh4 c6 10. e5 g5 11. Bxg5 hxg5 12. exf6 Qxf6 13. Qd2 Rg8 14. Ne5 Qe7 15. Be2 f6 16. Ng4 Bb7 17. 0-0 Nd7 18. Rfe1 Rh8 19. a4 Nb6 20. Ne3 Kd8 21. h3 a6 22. Bg4 Qd6 23. Nf1 Re8 24. a5 Nd5 25. Ng3 Qf4 26. Qc2 Bc8 27. Qg6 Qc7 28. Ne4 Qe7 29. Nc5 Nf4 30. Qh6 Qf8 31. Qxf8 Rxf8 32. Bxe6 Nxe6 33. Nxe6+ Bxe6 34. Rxe6 Kd7 35. Rae1 Rae8 36. Rxe8 Rxe8 37. Rxe8 Kxe8 38. Kf1 Kd7 39. g3 Kd6 40. Ke2 Kd5 41. Kd2 Ke4 42. Ke2 f5 43. h4 gxh4 44. gxh4 Kd5 45. Kd2 Ke6 46. Kc2 f4 47. Kb2 Kf5 48. f3 Kg6 49. Ka3 Kh5 50. Kb4 Kxh4 51. Kc5 Kg3 52. Kxc6 b4 53. d5 bxc3 54. d6 c2 55. d7 c1Q 56. d8Q 0-1